Statistics for Members of CLC (by picture)

Click here to take the quiz!

General Stats

  • This quiz has been taken 14 times
  • The average score is 5 of 7

Answer Stats

Answer% Correct
Sorn
100%
Yujin
83%
Elkie
75%
Eunbin
75%
Yeeun
75%
Seunghee
67%
Seungyeon
67%

Score Distribution

Percentile by Number Answered

Percent of People with Each Score

Your Score History

You have not taken this quiz